[Event "Titled Tue 26th Aug Early"]
[Site "chess.com INT"]
[Date "2025.08.26"]
[Round "10"]
[White "Skliarov, Viktor"]
[Black "Gibala, Adam"]
[Result "1-0"]
[WhiteTitle "IM"]
[BlackTitle "FM"]
[WhiteElo "2334"]
[BlackElo "2300"]
[WhiteFideId "14106736"]
[BlackFideId "21070288"]
[EventDate "2025.08.26"]

1. e4 e6 2. d4 d5 3. e5 c5 4. c3 Nc6 5. Nf3 Bd7 6. a3 f6 7. Bb5 Qc7 8. Bxc6 Bxc6
9. O-O f5 10. b4 c4 11. a4 h6 12. b5 Bd7 13. Ba3 Bxa3 14. Nxa3 g5 15. Nd2 h5 16.
f4 g4 17. Qb1 h4 18. Qb4 Ne7 19. a5 Kf7 20. Rfb1 Rhc8 21. Nc2 Ng6 22. Rf1 b6 23.
Ne3 g3 24. Nf3 Kg7 25. Nxh4 gxh2+ 26. Kh1 bxa5 27. Qa3 Bxb5 28. Nxg6 Kxg6 29.
Rf3 Kf7 30. Nd1 a4 31. Nf2 Qe7 32. Qc1 Rg8 33. Nh3 Rg4 34. Ng5+ Kg6 35. Rh3 Qf8
36. Kxh2 Rb8 37. Nh7 Qg7 38. Nf6 Rh8 39. Nxg4 fxg4 40. Qc2+ Kf7 41. Rxh8 Qxh8+
42. Kg3 a6 43. f5 Ke7 44. f6+ Kf7 45. Qc1 Qh5 46. Qf4 Qh7 47. Qxg4 Qd3+ 48. Kh2
Qh7+ 49. Kg1 Qh6 50. Qg7+ Qxg7 51. fxg7 Kxg7 52. Kf2 Kg6 53. Ke3 Kg5 54. Kf3 Kf5
55. g4+ Kg5 56. Kg3 Be8 57. Ra2 Bd7 58. Rb2 Bb5 59. Rh2 a3 60. Ra2 Kg6 61. Rxa3
Kg5 62. Ra1 Kg6 63. Kf4 Kh6 64. g5+ Kg6 65. Rh1 a5 66. Rh6+ Kf7 67. Rf6+ Ke7 68.
g6 Be8 69. Kg5 Bb5 70. Rf2 a4 71. Kh6 1-0

[Event "Titled Tue 26th Aug Early"]
[Site "chess.com INT"]
[Date "2025.08.26"]
[Round "10"]
[White "Guliev, Gasan"]
[Black "Oleksiyenko, Mykhaylo"]
[Result "1/2-1/2"]
[WhiteTitle "CM"]
[BlackTitle "GM"]
[WhiteElo "2123"]
[BlackElo "2569"]
[WhiteFideId "34165638"]
[BlackFideId "4152417"]
[EventDate "2025.08.26"]

1. e4 c5 2. Nf3 e6 3. Be2 Nc6 4. O-O Nf6 5. Nc3 d6 6. d4 cxd4 7. Nxd4 Be7 8. Be3
O-O 9. f4 Qc7 10. Qe1 Nxd4 11. Bxd4 e5 12. Be3 exf4 13. Bxf4 Be6 14. Bd3 Rfe8
15. e5 dxe5 16. Bxe5 Qb6+ 17. Kh1 Ng4 18. Bg3 Qxb2 19. h3 Bb4 20. Rb1 Bxc3 21.
Rxb2 Bxe1 22. Rxe1 Nf6 23. Rxb7 Bxa2 24. Rxe8+ Nxe8 25. Bb8 a5 26. c4 a4 27. Be4
Nf6 28. Bf3 Bxc4 29. Rc7 Rxb8 30. Rxc4 a3 31. Ra4 g6 32. Rxa3 Kg7 33. Ra7 Rd8
34. Kh2 Nd7 35. Kg1 Ne5 36. Be2 Rd2 37. Kf1 Kf6 38. Ra6+ Kg5 39. Ra4 f5 40. Ke1
Rb2 41. Kf1 h5 42. h4+ Kf6 43. Ra6+ Kg7 44. g3 Rb3 45. Kf2 Ng4+ 46. Bxg4 hxg4
47. Ra7+ Kh6 48. Ra8 Rb2+ 49. Kf1 Kg7 50. Ra6 Rd2 51. Rc6 Rd3 52. Kf2 Rf3+ 53.
Kg2 Re3 54. Rb6 Kf7 55. Ra6 Re6 56. Ra7+ Kf6 57. Rh7 Rb6 58. h5 Rb2+ 59. Kg1
gxh5 60. Rxh5 Ke5 61. Rh8 Rb3 62. Re8+ Kd4 63. Kf2 Rf3+ 64. Kg2 Re3 65. Rf8 Ke4
66. Re8+ Kd3 67. Rf8 Re5 68. Rf7 Ke3 69. Rf8 Rd5 70. Re8+ Kd4 71. Rf8 Re5 72.
Rf7 Ke3 73. Rf8 Ke4 74. Rf7 Rd5 75. Rf8 Re5 76. Rf7 Rd5 77. Rf8 Re5 1/2-1/2

[Event "Titled Tue 26th Aug Early"]
[Site "chess.com INT"]
[Date "2025.08.26"]
[Round "10"]
[White "Maghsoodloo, Parham"]
[Black "Carlsen, Magnus"]
[Result "1-0"]
[WhiteTitle "GM"]
[BlackTitle "GM"]
[WhiteElo "2695"]
[BlackElo "2839"]
[WhiteFideId "12539929"]
[BlackFideId "1503014"]
[EventDate "2025.08.26"]

1. d4 Nf6 2. c4 g6 3. Nc3 Bg7 4. e4 d6 5. h3 Nbd7 6. Be3 e5 7. d5 Nc5 8. Qc2 a5
9. g4 Nfd7 10. Nf3 Nb6 11. Nd2 Bd7 12. Be2 Bf6 13. Nf3 h6 14. O-O-O Qe7 15. Kb1
Bg5 16. Nxg5 hxg5 17. Qd2 f6 18. Bxc5 dxc5 19. d6 cxd6 20. Qxd6 Bc6 21. Qd3 Kf7
22. Nd5 Bxd5 23. exd5 Rad8 24. d6 Qe6 25. Bf3 Rd7 26. Be4 Kg7 27. Bxg6 Rhd8 28.
Bf5 Rxd6 29. Qxd6 Qxd6 30. Rxd6 Rxd6 31. b3 Nd7 32. h4 gxh4 33. Rxh4 Nf8 34. Rh5
Rd2 35. f3 Rf2 36. Be4 b6 37. g5 f5 38. Bxf5 Rxf3 39. Bc2 Rf4 40. Rh6 e4 41.
Rxb6 e3 42. Rb7+ Rf7 43. Rxf7+ Kxf7 44. Kc1 Ne6 45. Kd1 Nd4 46. Bd3 Ke6 47. Ke1
Nf3+ 48. Ke2 Nxg5 49. Kxe3 Ke5 50. Bc2 Ne6 51. Bd1 Nd4 52. Kd3 Nc6 53. Kc3 Nb4
54. Kb2 Kd4 55. Bc2 Ke3 56. Bb1 Kd4 57. Ka3 Kc3 58. Ka4 Kb2 59. a3 Kxb1 60. Kxa5
Nd3 61. b4 Kc2 62. Kb5 1-0

[Event "Titled Tue 26th Aug Early"]
[Site "chess.com INT"]
[Date "2025.08.26"]
[Round "10"]
[White "Arslanov, Shamil"]
[Black "Zlatin, Alexander"]
[Result "1-0"]
[WhiteTitle "IM"]
[BlackTitle "FM"]
[WhiteElo "2410"]
[BlackElo "2264"]
[WhiteFideId "4192826"]
[BlackFideId "2810549"]
[EventDate "2025.08.26"]

1. d4 Nf6 2. f3 d5 3. e4 dxe4 4. Nc3 e5 5. dxe5 Qxd1+ 6. Kxd1 Nfd7 7. Nd5 Kd8 8.
Bg5+ f6 9. exf6 gxf6 10. Nxf6 Be7 11. Nxe4 Bxg5 12. Nxg5 Ke7 13. Kd2 Nc6 14.
Re1+ Kf6 15. f4 Nc5 16. N1f3 h6 17. Ne4+ Nxe4+ 18. Rxe4 Bf5 19. Rc4 Rhg8 20. g3
Rad8+ 21. Bd3 Be6 22. Rc5 Bd5 23. Rf1 b6 24. Rc3 Bxf3 25. Rxf3 Nd4 26. Rf2 c5
27. Ke1 a5 28. a4 h5 29. Kf1 h4 30. Bc4 Rg7 31. Rd3 Re8 32. c3 Nf5 33. Re2 Rxe2
34. Kxe2 hxg3 35. hxg3 Rxg3 36. Rxg3 Nxg3+ 37. Kf3 Nf5 38. Ke4 Ne7 39. Bd3 Ke6
40. Be2 Kd6 41. Bc4 Ng6 42. Kf5 Nh4+ 43. Kg4 Ng2 44. Kf3 Nh4+ 45. Ke4 Ng6 46. f5
Ne5 47. Bg8 Nd7 48. Kf4 Nf6 49. Bc4 Ke7 50. Ke5 Ng4+ 51. Kf4 Nf6 52. Bb3 Kd6 53.
Ba2 Nd7 54. Bc4 Ne5 55. Be2 Nd7 56. Kg5 Ke5 57. Bd3 Nf6 58. Kg6 Nd5 59. Bb1 Nf4+
60. Kf7 Nd5 61. Ke8 Kd6 62. Kd8 Nf6 63. Kc8 Nd5 64. Kb7 c4 65. Be4 Ne3 66. Kxb6
Nd1 67. Kxa5 Nxb2 68. Kb4 Ke5 69. Bc2 Kf6 70. a5 Ke5 71. a6 Nd3+ 72. Kxc4 Nb2+
73. Kb5 Kd6 74. a7 Nd3 75. a8=Q Nc5 76. Qc6+ 1-0

[Event "Titled Tue 26th Aug Early"]
[Site "chess.com INT"]
[Date "2025.08.26"]
[Round "10"]
[White "Pavlidou, Ekaterini"]
[Black "Tikhonov, Viacheslav"]
[Result "1-0"]
[WhiteTitle "WIM"]
[BlackTitle "CM"]
[WhiteElo "2217"]
[BlackElo "2183"]
[WhiteFideId "4213262"]
[BlackFideId "44196407"]
[EventDate "2025.08.26"]

1. d4 Nf6 2. Nc3 d5 3. Bf4 g6 4. e3 Bg7 5. Bd3 O-O 6. h4 c5 7. h5 Nc6 8. hxg6
hxg6 9. Bh6 Bxh6 10. Rxh6 Kg7 11. Rh4 e5 12. dxe5 Nxe5 13. Qd2 Ne4 14. Rxe4 dxe4
15. Nxe4 f5 16. Nxc5 b6 17. Nb3 Bb7 18. Nd4 Qd5 19. Be2 Rfe8 20. Ngf3 Rac8 21.
b3 Nxf3+ 22. Bxf3 Qd7 23. O-O-O Bxf3 24. gxf3 Qd5 25. f4 Qe4 26. Rg1 Red8 27. f3
Qd5 28. Kb2 Kf7 29. Qg2 Qd6 30. Rh1 Rh8 31. Rd1 Qf6 32. Rd2 Rhd8 33. Qe2 Qe7 34.
Qb5 Rc5 35. Qf1 Rcd5 36. Qd3 Qd7 37. c3 Rd6 38. Rh2 Kg7 39. Qd1 Rh8 40. Rg2 Rf6
41. e4 Rf7 42. e5 Re7 43. Qg1 Rh6 44. Rg5 Rf7 45. e6 Qe7 46. exf7 Qxf7 47. Qe3
Rh2+ 48. Ka3 Qf8+ 49. b4 Rh1 50. Qe5+ Qf6 51. Ne6+ Kf7 52. Qxf6+ Kxf6 53. Nd4
Rc1 54. Kb2 Rf1 55. b5 Rf2+ 56. Kb3 Rf1 57. Rg2 Re1 58. Rf2 g5 59. fxg5+ Kxg5
60. f4+ Kg4 61. Nc6 Kg3 62. Rd2 Kxf4 63. Nxa7 Re5 64. c4 Kg3 65. Kb4 f4 66. Nc6
Rf5 67. Nd4 Rf8 68. Rd3+ Kg2 69. Nf3 Kf2 70. a4 Ke2 71. Rb3 Re8 72. a5 bxa5+ 73.
Kxa5 Re3 74. Nd4+ Kd2 75. Rxe3 Kxe3 76. Nc2+ Kd2 77. Nd4 Ke3 78. b6 f3 79. b7 f2
80. b8=Q f1=Q 81. Qe5+ Kd3 82. Nb3 Qc1 83. Qd4+ Kc2 84. Nxc1 Kb1 85. Qf2 Ka1 86.
Kb4 Kb1 87. Kb3 Kxc1 88. Qc2# 1-0

[Event "Titled Tue 26th Aug Early"]
[Site "chess.com INT"]
[Date "2025.08.26"]
[Round "10"]
[White "Rogov, Matfey"]
[Black "Mummana Venkata Ruthvik"]
[Result "0-1"]
[WhiteTitle "FM"]
[BlackTitle "CM"]
[WhiteElo "2348"]
[BlackElo "2237"]
[WhiteFideId "44191308"]
[BlackFideId "25697307"]
[EventDate "2025.08.26"]

1. Nf3 Nf6 2. b3 g6 3. Bb2 Bg7 4. g3 O-O 5. Bg2 d6 6. d4 b5 7. a4 b4 8. Nfd2 c6
9. O-O Bb7 10. c3 bxc3 11. Nxc3 Nbd7 12. Nc4 Rb8 13. a5 c5 14. d5 Ba6 15. Qc2
Qc7 16. e4 Bxc4 17. bxc4 Rb4 18. Nb5 Qb7 19. Ba3 Rxb5 20. cxb5 Qxb5 21. Bb2 Qa6
22. Rfb1 h5 23. Bf1 Qc8 24. Bb5 h4 25. Bc3 h3 26. Qe2 Ne5 27. Bxe5 dxe5 28. Bc6
Ng4 29. Bb7 Qd7 30. Qb5 Qd8 31. f3 Ne3 32. Qxc5 Bh6 33. Rc1 e6 34. Ra3 exd5 35.
Rxe3 Bxe3+ 36. Qxe3 d4 37. Qd2 Qf6 38. Kf2 Rd8 39. Bd5 Kg7 40. Rc7 Rf8 41. Rxa7
Qd6 42. Rb7 Qc5 43. Rb2 d3+ 44. Qe3 Qxa5 45. Qxd3 Rc8 46. Rc2 Qb6+ 47. Ke2 Rxc2+
48. Qxc2 Qg1 49. Qc7 Qxh2+ 50. Kd3 Qxg3 51. Qxf7+ Kh6 52. Qf8+ Kg5 53. Qd8+ Kh6
54. Qh8+ Kg5 55. Kc4 h2 56. f4+ Kxf4 57. Qh6+ Kf3 58. Be6 Qg2 59. Qf8+ Ke3 60.
Qc5+ Kf4 61. Qf8+ Kg3 62. Qd6 h1=Q 63. Qxe5+ Kf2 64. Qd4+ Kf1 65. Kc5 Qf2 66.
Bc4+ Kg1 67. e5 Qxd4+ 68. Kxd4 Qh4+ 69. Kd5 Qe7 70. Be2 g5 71. Bg4 Kf2 72. Ke4
Kg3 73. Bf5 Kh4 74. Kd5 g4 75. Ke4 g3 76. Kf3 Qxe5 77. Bd3 Qd5+ 78. Be4 Qxe4+
79. Kxe4 g2 0-1

[Event "Titled Tue 26th Aug Early"]
[Site "chess.com INT"]
[Date "2025.08.26"]
[Round "11"]
[White "Belov, Alexei"]
[Black "Poleg, Matan"]
[Result "1-0"]
[WhiteTitle "IM"]
[BlackTitle "FM"]
[WhiteElo "2421"]
[BlackElo "2277"]
[WhiteFideId "4128206"]
[BlackFideId "2811472"]
[EventDate "2025.08.26"]

1. e4 c5 2. Nf3 e6 3. d4 cxd4 4. Nxd4 Nc6 5. Nc3 Qc7 6. Be2 Nf6 7. O-O a6 8. a4
Be7 9. Be3 O-O 10. f4 d6 11. Kh1 Bd7 12. Nb3 Rfd8 13. a5 Re8 14. Bb6 Qc8 15. g4
Bf8 16. g5 1-0

[Event "Titled Tue 26th Aug Early"]
[Site "chess.com INT"]
[Date "2025.08.26"]
[Round "11"]
[White "Mecit, Emre"]
[Black "Sakhayi, Mostafa"]
[Result "0-1"]
[BlackTitle "CM"]
[WhiteElo "2007"]
[BlackElo "2166"]
[WhiteFideId "6304214"]
[BlackFideId "12512532"]
[EventDate "2025.08.26"]

1. Nf3 d5 2. g3 Nc6 3. Bg2 e5 4. O-O e4 5. Ne1 f5 6. d3 Nf6 7. b3 Be7 8. Bb2 O-O
9. c4 d4 10. Nd2 e3 11. fxe3 dxe3 12. Ndf3 Ng4 13. Nc2 f4 14. h3 Nf2 15. Qc1
Nxh3+ 16. Kh2 fxg3+ 17. Kxg3 Bd6+ 0-1

[Event "Titled Tue 26th Aug Early"]
[Site "chess.com INT"]
[Date "2025.08.26"]
[Round "11"]
[White "Oluka Robert Mcligeyo"]
[Black "Kurpiewski, Slawomir"]
[Result "1-0"]
[WhiteTitle "CM"]
[BlackTitle "CM"]
[WhiteElo "2081"]
[BlackElo "1973"]
[WhiteFideId "10814647"]
[BlackFideId "1114530"]
[EventDate "2025.08.26"]

1. e4 e5 2. Nf3 Nc6 3. Nc3 Nf6 4. Bb5 Nd4 5. O-O Bc5 6. Bc4 O-O 7. d3 h6 8. Nxd4
Bxd4 9. Ne2 Bb6 10. Kh1 d5 11. exd5 Nxd5 12. f4 exf4 13. Nxf4 Ne3 14. Bxe3 Bxe3
15. Ng6 Qg5 16. Nxf8 Kxf8 17. Rxf7+ Ke8 18. Qf3 Bg4 19. Qe4+ Kd8 20. Re1 1-0

[Event "Titled Tue 26th Aug Early"]
[Site "chess.com INT"]
[Date "2025.08.26"]
[Round "11"]
[White "Pontes, Luiz Felizola Lima"]
[Black "Advaitt Srikant Koduri"]
[Result "1-0"]
[BlackTitle "FM"]
[WhiteElo "1871"]
[BlackElo "2281"]
[WhiteFideId "44709919"]
[BlackFideId "25185454"]
[EventDate "2025.08.26"]

1. e4 c6 2. d4 d5 3. Nc3 dxe4 4. Nxe4 Bf5 5. Ng3 Bg6 6. h4 h6 7. Nh3 e6 8. Nf4
Bh7 9. c3 Bd6 10. Bd3 Bxd3 11. Qxd3 Nf6 12. Nfh5 O-O 13. Nxf6+ Qxf6 14. Ne4 Qe7
15. Bg5 Qc7 16. Nf6+ gxf6 17. Bxf6 Be7 18. Be5 Qd8 19. Qg3+ Bg5 20. hxg5 1-0

[Event "Titled Tue 26th Aug Early"]
[Site "chess.com INT"]
[Date "2025.08.26"]
[Round "11"]
[White "Bogdanov, Artyom"]
[Black "Lemos, Dawton Almino"]
[Result "1-0"]
[WhiteTitle "FM"]
[BlackTitle "FM"]
[WhiteElo "2383"]
[BlackElo "2172"]
[WhiteFideId "13749200"]
[BlackFideId "2146797"]
[EventDate "2025.08.26"]

1. Nf3 Nf6 2. c4 g6 3. Nc3 Bg7 4. b3 O-O 5. Bb2 d6 6. e3 e5 7. d3 Nc6 8. Be2 a5
9. a3 d5 10. cxd5 Nxd5 11. Qc2 Be6 12. Ne4 Bc8 13. O-O f5 14. Nc3 Nb6 15. Rad1
Be6 16. d4 exd4 17. exd4 h6 18. d5 Nxd5 19. Nxd5 Bxd5 20. Rxd5 1-0

[Event "Titled Tue 26th Aug Early"]
[Site "chess.com INT"]
[Date "2025.08.26"]
[Round "11"]
[White "Garcia Correa, Jose Ricardo"]
[Black "Zaw, Ye Htut"]
[Result "0-1"]
[WhiteTitle "FM"]
[BlackTitle "CM"]
[WhiteElo "2103"]
[BlackElo "2074"]
[WhiteFideId "5101832"]
[BlackFideId "13013955"]
[EventDate "2025.08.26"]

1. e4 d5 2. exd5 Qxd5 3. Nc3 Qa5 4. Bc4 Nf6 5. d3 Nc6 6. Bd2 Qc5 7. f3 Bf5 8.
Nge2 e6 9. Ng3 Bg6 10. Nce4 Nxe4 11. fxe4 Bd6 12. c3 Ne5 13. Qe2 Nxc4 14. dxc4
O-O-O 15. O-O-O Be5 16. Be3 Qa5 17. a3 h5 18. Bd4 h4 19. Nf1 Bh5 20. Qe3 Bxd1
21. Kxd1 c5 22. b4 Qxa3 23. bxc5 Qxc5 24. Nd2 Bxd4 25. cxd4 Rxd4 26. Re1 Rhd8
27. Re2 Rxd2+ 28. Qxd2 Rxd2+ 29. Kxd2 Qxc4 0-1

[Event "Titled Tue 26th Aug Early"]
[Site "chess.com INT"]
[Date "2025.08.26"]
[Round "11"]
[White "Tikhonov, Viacheslav"]
[Black "Newansa, M Esandi"]
[Result "1-0"]
[WhiteTitle "CM"]
[BlackTitle "WFM"]
[WhiteElo "2183"]
[BlackElo "1951"]
[WhiteFideId "44196407"]
[BlackFideId "9999060"]
[EventDate "2025.08.26"]

1. e4 c6 2. d4 d5 3. Nc3 dxe4 4. Nge2 Nf6 5. Ng3 h5 6. Ngxe4 Bg4 7. Be2 Bxe2 8.
Qxe2 e6 9. Bg5 Be7 10. Nxf6+ Bxf6 11. Bxf6 Qxf6 12. O-O-O Nd7 13. d5 cxd5 14.
Nxd5 Qg5+ 15. f4 Qd8 16. f5 Qg5+ 17. Kb1 O-O 18. fxe6 Nc5 19. h4 Qg4 20. Qxg4
hxg4 21. e7 Rfe8 22. Nc7 Rec8 23. Nxa8 Rxa8 24. Rd8+ 1-0

[Event "Titled Tue 26th Aug Early"]
[Site "chess.com INT"]
[Date "2025.08.26"]
[Round "11"]
[White "Gubajdullin, Alexei"]
[Black "Zouaghi, Amir"]
[Result "1-0"]
[WhiteTitle "FM"]
[BlackTitle "FM"]
[WhiteElo "2228"]
[BlackElo "2301"]
[WhiteFideId "4141202"]
[BlackFideId "249262"]
[EventDate "2025.08.26"]

1. Nf3 c5 2. g3 Nf6 3. Bg2 g6 4. O-O Bg7 5. d3 O-O 6. Nbd2 Nc6 7. e4 d6 8. Nc4
b5 9. Ne3 e5 10. Ng5 h6 11. Nh3 Bb7 12. f4 b4 13. f5 g5 14. Nf2 Nd7 15. c3 a5
16. Nc4 Nb6 17. Nxb6 Qxb6 18. h4 f6 19. Qh5 c4 20. dxc4 Nd8 21. Kh2 Nf7 22. Ng4
bxc3 23. bxc3 Rac8 24. Qg6 Qd8 25. hxg5 hxg5 26. Rh1 Re8 27. Kg1 Rxc4 28. Rh7 1-0

[Event "Titled Tue 26th Aug Early"]
[Site "chess.com INT"]
[Date "2025.08.26"]
[Round "11"]
[White "Gutman, Gennadi"]
[Black "Dishman, Stephen"]
[Result "0-1"]
[WhiteTitle "GM"]
[BlackTitle "FM"]
[WhiteElo "2445"]
[BlackElo "2254"]
[WhiteFideId "14102277"]
[BlackFideId "403024"]
[EventDate "2025.08.26"]

1. e4 c6 2. Nf3 d5 3. Nc3 dxe4 4. Nxe4 Nf6 5. Qe2 Nxe4 6. Qxe4 Nd7 7. Bc4 Nf6 8.
Ne5 e6 9. Qe2 b5 10. Bb3 Qc7 11. d4 Bd6 12. O-O a5 13. a4 O-O 14. c3 bxa4 15.
Bxa4 c5 16. Bg5 Nd5 17. Bh4 Ba6 18. Bb5 Bxb5 19. Qxb5 Rfb8 20. Qe2 cxd4 21. cxd4
Qb7 22. Nc4 Nf4 23. Qg4 Bc7 24. Bg3 Qxg2# 0-1

[Event "Titled Tue 26th Aug Early"]
[Site "chess.com INT"]
[Date "2025.08.26"]
[Round "11"]
[White "Rossi, Maximiliano"]
[Black "Shangin, Lev"]
[Result "0-1"]
[WhiteElo "2013"]
[BlackElo "2186"]
[WhiteFideId "113425"]
[BlackFideId "55681085"]
[EventDate "2025.08.26"]

1. e4 c5 2. Nf3 d6 3. Bb5+ Nd7 4. c4 a6 5. Bxd7+ Bxd7 6. O-O Nf6 7. Nc3 g6 8. d4
cxd4 9. Nxd4 Bg7 10. Re1 O-O 11. h3 Rc8 12. Qd3 Qc7 13. Nd5 Nxd5 14. cxd5 Qc4
15. Qxc4 Rxc4 16. Nb3 Rc2 17. Bf4 Bxb2 18. Rad1 Rfc8 19. e5 dxe5 20. Bxe5 Bxe5
21. Rxe5 Rxa2 22. Rxe7 Ba4 23. Rd3 Ra3 24. Rf3 Bxb3 25. Rfxf7 Bxd5 26. Rg7+ Kf8
27. Rxh7 Bg8 28. Rhg7 Rb3 29. Rxb7 Rxb7 30. Rxb7 Ra8 0-1

[Event "Titled Tue 26th Aug Early"]
[Site "chess.com INT"]
[Date "2025.08.26"]
[Round "11"]
[White "Hajialiyev, Islam"]
[Black "Kosakowski, Jakub"]
[Result "1-0"]
[WhiteTitle "CM"]
[BlackTitle "GM"]
[WhiteElo "2138"]
[BlackElo "2542"]
[WhiteFideId "13442724"]
[BlackFideId "1185080"]
[EventDate "2025.08.26"]

1. Nf3 a6 2. g3 b6 3. Bg2 g6 4. O-O Bb7 5. d4 Bg7 6. c4 e6 7. Nc3 Ne7 8. e4 d6
9. Qd3 Nd7 10. Rd1 h6 11. h3 O-O 12. Be3 Kh7 13. Rac1 Rb8 14. b4 Qe8 15. c5 bxc5
16. dxc5 dxc5 17. Qxd7 cxb4 18. Qxe8 Rfxe8 19. Na4 Bxe4 20. Nc5 Bd5 21. Nxa6
Bxa2 22. Nxb8 Rxb8 23. Bd4 b3 24. Bxg7 Kxg7 25. Rxc7 Nd5 26. Ra7 Nc3 27. Rdd7 b2
28. Rxf7+ Kg8 29. Rg7+ Kh8 30. Ne5 Bb1 31. Rh7+ Kg8 32. Rag7+ Kf8 33. Nd7+ Ke8
34. Nf6+ Kd8 35. Rg8# 1-0

[Event "Titled Tue 26th Aug Early"]
[Site "chess.com INT"]
[Date "2025.08.26"]
[Round "11"]
[White "Oleksiyenko, Mykhaylo"]
[Black "Pandey, Srishti"]
[Result "0-1"]
[WhiteTitle "GM"]
[BlackTitle "WIM"]
[WhiteElo "2569"]
[BlackElo "2202"]
[WhiteFideId "4152417"]
[BlackFideId "35093290"]
[EventDate "2025.08.26"]

1. e4 e5 2. Nf3 Nc6 3. Nc3 Nf6 4. d4 exd4 5. Nxd4 Bb4 6. Nxc6 bxc6 7. Bd3 d5 8.
Bd2 O-O 9. O-O Bxc3 10. Bxc3 Nxe4 11. Bxe4 dxe4 12. Qh5 Qd5 13. Qh4 Bf5 14. Rad1
Qxa2 15. Qg3 Bg6 16. Qxc7 Rfc8 17. Qf4 Qe6 18. Rd6 Qe8 19. Rfd1 a5 20. h4 h5 21.
Qe3 a4 22. Qd4 Qf8 23. Rd7 a3 24. bxa3 Rxa3 25. Bb4 c5 26. Bxa3 cxd4 27. Bxf8
Kxf8 28. R1xd4 Rxc2 29. Ra7 Kg8 30. Ra8+ Kh7 31. Rf8 Rc7 32. Rd5 Re7 33. Rdd8
Bf5 34. Rde8 Rc7 35. Kh2 g6 36. Rd8 Kg7 37. Rd2 Kxf8 0-1

[Event "Titled Tue 26th Aug Early"]
[Site "chess.com INT"]
[Date "2025.08.26"]
[Round "11"]
[White "Dubnevych, Maksym"]
[Black "Bluebaum, Matthias"]
[Result "0-1"]
[WhiteTitle "FM"]
[BlackTitle "GM"]
[WhiteElo "2296"]
[BlackElo "2660"]
[WhiteFideId "14184001"]
[BlackFideId "24651516"]
[EventDate "2025.08.26"]

1. Nc3 d5 2. e4 e6 3. d4 Nf6 4. e5 Nfd7 5. Nce2 c5 6. c3 Nc6 7. Nf3 Be7 8. a3
O-O 9. Nf4 Qa5 10. Bd3 Nxd4 11. Nxd4 cxd4 12. b4 Qc7 13. cxd4 Qc3+ 14. Ke2 Qxa1
15. Qd2 Nxe5 16. dxe5 Qxe5+ 17. Kd1 Bf6 18. Re1 Qc3 19. Qe2 Bd7 20. Bc2 Rac8 21.
Nh5 Ba4 22. Nxf6+ Kh8 0-1

[Event "Titled Tue 26th Aug Early"]
[Site "chess.com INT"]
[Date "2025.08.26"]
[Round "11"]
[White "Gustafsson, Jan"]
[Black "Janaszak, Dawid"]
[Result "1-0"]
[WhiteTitle "GM"]
[BlackTitle "FM"]
[WhiteElo "2591"]
[BlackElo "2306"]
[WhiteFideId "4625498"]
[BlackFideId "1119206"]
[EventDate "2025.08.26"]

1. d4 Nf6 2. c4 c5 3. Nf3 cxd4 4. Nxd4 Nc6 5. Nc3 g6 6. g3 Bg7 7. Bg2 O-O 8. O-O
Qa5 9. Nb3 Qh5 10. c5 b6 11. e4 Ba6 12. Qxh5 Nxh5 13. Rd1 Rfd8 14. f4 bxc5 15.
Nxc5 Bc4 16. e5 d6 17. Bxc6 dxc5 18. Bxa8 Rxa8 19. Be3 Bh6 20. Bxc5 e6 21. Be7
Ng7 22. Rd8+ Rxd8 23. Bxd8 Nf5 24. Rd1 Bf8 25. Ne4 Kg7 26. Bf6+ Kh6 27. Rd8 Bb4
28. g4 Ne3 29. h3 Be1 30. Rh8 1-0

[Event "Titled Tue 26th Aug Early"]
[Site "chess.com INT"]
[Date "2025.08.26"]
[Round "11"]
[White "Morozov, Egor"]
[Black "Rustamov, Rustam"]
[Result "0-1"]
[WhiteTitle "FM"]
[BlackTitle "FM"]
[WhiteElo "2291"]
[BlackElo "2310"]
[WhiteFideId "24102121"]
[BlackFideId "13440110"]
[EventDate "2025.08.26"]

1. e4 c5 2. Nf3 d6 3. d4 cxd4 4. Nxd4 e5 5. Nf5 Nf6 6. Nc3 Nxe4 7. Nxg7+ Bxg7 8.
Nxe4 d5 9. Bg5 Qa5+ 10. Bd2 Qc7 11. Nc3 Be6 12. Nb5 Qb6 13. Bb4 a6 14. Nd6+ Kd7
15. Ba3 Nc6 16. Nxf7 Bf8 17. Ng5 Bxa3 18. bxa3 Raf8 19. Qd2 Bf5 20. Be2 Qd4 21.
Rd1 Kc8 22. O-O Rhg8 23. Nf3 Qxd2 24. Rxd2 Be4 25. Kh1 Nd4 26. c3 Nxf3 27. gxf3
Rxf3 28. Rg1 Rxf2+ 0-1

[Event "Titled Tue 26th Aug Early"]
[Site "chess.com INT"]
[Date "2025.08.26"]
[Round "11"]
[White "Sovetbekova, Nurai"]
[Black "Pavlidou, Ekaterini"]
[Result "1-0"]
[WhiteTitle "WFM"]
[BlackTitle "WIM"]
[WhiteElo "2027"]
[BlackElo "2217"]
[WhiteFideId "13801910"]
[BlackFideId "4213262"]
[EventDate "2025.08.26"]

1. d4 Nf6 2. c4 c5 3. d5 b5 4. cxb5 a6 5. bxa6 g6 6. Nc3 d6 7. e4 Bxa6 8. Bxa6
Nxa6 9. Nf3 Bg7 10. O-O O-O 11. a4 Ne8 12. Nb5 Nec7 13. Bf4 Bxb2 14. Bh6 Bg7 15.
Bxg7 Kxg7 16. Qd2 Nb4 17. h4 Nxb5 18. axb5 Qb6 19. h5 f6 20. Qb2 gxh5 21. Ng5
Rxa1 22. Rxa1 Nd3 23. Ne6+ Kf7 24. Qe2 Ne5 25. Qxh5+ Kg8 26. Nxf8 Kxf8 27. Qxh7
Ke8 28. Ra8+ Kd7 29. Qf5+ 1-0

[Event "Titled Tue 26th Aug Early"]
[Site "chess.com INT"]
[Date "2025.08.26"]
[Round "11"]
[White "Mesquita, Eduardo Barbosa"]
[Black "Omariev, Maksim"]
[Result "0-1"]
[BlackTitle "FM"]
[WhiteElo "2060"]
[BlackElo "2304"]
[WhiteFideId "22757163"]
[BlackFideId "4193423"]
[EventDate "2025.08.26"]

1. e4 c5 2. Nf3 d6 3. d4 cxd4 4. Nxd4 Nf6 5. Nc3 a6 6. f3 e6 7. Be3 b5 8. Qd2
Nbd7 9. O-O-O Bb7 10. g4 h6 11. Kb1 b4 12. Na4 Qa5 13. b3 Nc5 14. Nb2 d5 15. e5
Nfd7 16. a3 Qxa3 17. f4 Ne4 18. Qg2 Nc3+ 19. Kc1 Qa1+ 20. Kd2 Qxb2 21. f5 Nc5
22. fxe6 fxe6 23. Nxe6 Nxe6 24. Bc4 Ne4+ 25. Ke1 dxc4 26. Rf1 Qc3+ 27. Bd2 Qxe5
28. Qe2 c3 29. Bc1 Be7 30. Rf5 Bh4+ 31. Kf1 Rf8 32. Qf3 Rxf5 33. gxf5 Ng3+ 34.
hxg3 Bxf3 35. Re1 Qxf5 36. Bf4 Bg5 37. Re5 Qh3+ 38. Kf2 Qg2+ 39. Ke3 Qe2# 0-1